[Event "World Chess Olympiad 2018"]
[Site "Batumi"]
[Date "2018.10.05"]
[Round "11"]
[Board "4"]
[WhiteFideId "7900856"]
[White "Belouadah Saad"]
[BlackFideId "7103255"]
[Black "Andyka Pitra"]
[Result "0-1"]
[LiveChessVersion "1.4.8"]
[BlackElo "2274"]
[WhiteElo "2413"]

1. d4 {[%clk 1:27:49]} Nf6 {[%clk 1:30:46]} 2. c4 {[%clk 1:28:09]} g6
{[%clk 1:30:48]} 3. g3 {[%clk 1:28:06]} Bg7 {[%clk 1:31:02]} 4. Bg2
{[%clk 1:28:28]} O-O {[%clk 1:31:06]} 5. e3 {[%clk 1:28:44]} d5 {[%clk 1:28:23]}
6. cxd5 {[%clk 1:28:31]} Nxd5 {[%clk 1:28:23]} 7. Ne2 {[%clk 1:28:40]} c5
{[%clk 1:24:51]} 8. O-O {[%clk 1:21:47]} cxd4 {[%clk 1:22:23]} 9. Nxd4
{[%clk 1:16:55]} Nc6 {[%clk 1:14:56]} 10. Nb3 {[%clk 1:12:42]} Ndb4
{[%clk 1:07:03]} 11. Nc3 {[%clk 1:05:14]} Qxd1 {[%clk 1:06:23]} 12. Rxd1
{[%clk 1:03:49]} Bg4 {[%clk 1:06:29]} 13. f3 {[%clk 1:03:39]} Bf5
{[%clk 1:06:30]} 14. Nc5 {[%clk 0:51:50]} Rad8 {[%clk 0:55:36]} 15. g4
{[%clk 0:40:15]} Rxd1+ {[%clk 0:46:25]} 16. Nxd1 {[%clk 0:40:33]} Rd8
{[%clk 0:45:17]} 17. Nf2 {[%clk 0:37:21]} Bc8 {[%clk 0:43:14]} 18. a3
{[%clk 0:37:23]} Nc2 {[%clk 0:41:41]} 19. Rb1 {[%clk 0:36:47]} b6
{[%clk 0:39:15]} 20. Ncd3 {[%clk 0:35:36]} Na5 {[%clk 0:34:19]} 21. e4
{[%clk 0:25:40]} Bd4 {[%clk 0:28:55]} 22. Nf4 {[%clk 0:22:12]} e6
{[%clk 0:18:33]} 23. Bf1 {[%clk 0:21:14]} Ne1 {[%clk 0:16:43]} 24. Be2
{[%clk 0:21:04]} Nb3 {[%clk 0:15:55]} 25. Kf1 {[%clk 0:16:00]} Nc2
{[%clk 0:16:16]} 26. Bd3 {[%clk 0:10:46]} Ne3+ {[%clk 0:13:24]} 27. Ke2
{[%clk 0:08:02]} Nxc1+ {[%clk 0:13:28]} 28. Rxc1 {[%clk 0:08:32]} Bxb2
{[%clk 0:11:25]} 29. Rc7 {[%clk 0:08:44]} Be5 {[%clk 0:09:25]} 30. Rxc8
{[%clk 0:08:53]} Rxc8 {[%clk 0:09:50]} 31. Kxe3 {[%clk 0:09:19]} Rc3
{[%clk 0:10:02]} 32. a4 {[%clk 0:08:13]} Ra3 {[%clk 0:10:22]} 33. Ne2
{[%clk 0:08:18]} Bxh2 {[%clk 0:08:39]} 34. f4 {[%clk 0:08:35]} Rxa4
{[%clk 0:07:56]} 35. g5 {[%clk 0:07:40]} e5 {[%clk 0:07:42]} 36. fxe5
{[%clk 0:07:52]} Bxe5 {[%clk 0:07:56]} 37. Ng4 {[%clk 0:08:21]} Bb2
{[%clk 0:07:58]} 38. Bb5 {[%clk 0:08:35]} Ra5 {[%clk 0:07:47]} 39. Bc4
{[%clk 0:09:00]} Rxg5 {[%clk 0:07:21]} 40. Nh6+ {[%clk 0:39:22]} Kg7
{[%clk 0:37:22]} 41. Nxf7 {[%clk 0:39:51]} Rc5 {[%clk 0:37:06]} 42. Ba2
{[%clk 0:37:15]} Ra5 {[%clk 0:33:43]} 43. Bc4 {[%clk 0:37:39]} h5
{[%clk 0:31:17]} 44. Nd6 {[%clk 0:37:35]} h4 {[%clk 0:30:22]} 45. Be6
{[%clk 0:37:25]} h3 {[%clk 0:29:38]} 46. Kf2 {[%clk 0:36:31]} h2 {[%clk 0:29:56]}
47. Kg2 {[%clk 0:35:44]} Ra1 {[%clk 0:29:31]} 48. Kxh2 {[%clk 0:34:31]} Be5+
{[%clk 0:29:43]} 49. Kg2 {[%clk 0:35:00]} Bxd6 {[%clk 0:29:56]} 50. Nd4
{[%clk 0:34:43]} Ra4 {[%clk 0:28:36]} 51. Nb5 {[%clk 0:34:32]} Rxe4
{[%clk 0:27:48]} 52. Bd5 {[%clk 0:33:16]} Re5 {[%clk 0:27:42]} 53. Bc6
{[%clk 0:33:42]} Bb8 {[%clk 0:27:08]} 54. Kf3 {[%clk 0:34:07]} Kf6
{[%clk 0:26:19]} 55. Nd4 {[%clk 0:34:22]} a5 {[%clk 0:26:20]} 56. Be4
{[%clk 0:33:45]} Rxe4 {[%clk 0:25:45]} 57. Kxe4 {[%clk 0:34:14]} a4
{[%clk 0:25:31]} 58. Nb5 {[%clk 0:33:35]} Be5 {[%clk 0:25:28]} 59. Kd3
{[%clk 0:33:27]} g5 {[%clk 0:25:17]} 60. Na3 {[%clk 0:33:29]} g4 {[%clk 0:24:23]}
0-1

[Event "World Chess Olympiad 2018"]
[Site "Batumi"]
[Date "2018.10.05"]
[Round "11"]
[Board "1"]
[WhiteFideId "6405525"]
[White "Abreu Jean Carlos Paul"]
[BlackFideId "11000120"]
[Black "Makoto Rodwell"]
[Result "0-1"]
[LiveChessVersion "1.4.8"]
[BlackElo "2338"]
[WhiteElo "2310"]

1. Nf3 {[%clk 1:30:46]} Nf6 {[%clk 1:30:40]} 2. c4 {[%clk 1:30:52]} g6
{[%clk 1:31:03]} 3. b3 {[%clk 1:30:40]} Bg7 {[%clk 1:31:20]} 4. Bb2
{[%clk 1:31:04]} c5 {[%clk 1:31:17]} 5. e3 {[%clk 1:31:13]} O-O {[%clk 1:31:18]}
6. Be2 {[%clk 1:31:22]} Nc6 {[%clk 1:31:20]} 7. O-O {[%clk 1:31:21]} d5
{[%clk 1:31:17]} 8. cxd5 {[%clk 1:31:36]} Qxd5 {[%clk 1:31:36]} 9. d3
{[%clk 1:29:25]} Rd8 {[%clk 1:29:26]} 10. a3 {[%clk 1:26:15]} Bg4
{[%clk 1:21:17]} 11. Nbd2 {[%clk 1:25:43]} Rac8 {[%clk 1:20:43]} 12. Qc2
{[%clk 1:24:55]} b6 {[%clk 1:16:35]} 13. Rad1 {[%clk 1:18:22]} Ne8
{[%clk 1:11:50]} 14. h3 {[%clk 1:14:53]} Be6 {[%clk 1:08:32]} 15. Bxg7
{[%clk 1:13:59]} Nxg7 {[%clk 1:08:07]} 16. Qb2 {[%clk 1:13:47]} f6
{[%clk 1:07:16]} 17. b4 {[%clk 1:08:11]} cxb4 {[%clk 1:05:36]} 18. axb4
{[%clk 1:08:33]} Qa2 {[%clk 1:05:25]} 19. Qxa2 {[%clk 1:02:32]} Bxa2
{[%clk 1:05:45]} 20. b5 {[%clk 1:02:52]} Na5 {[%clk 1:06:02]} 21. Rc1
{[%clk 0:55:57]} Ne8 {[%clk 1:02:00]} 22. Nd4 {[%clk 0:44:39]} e5
{[%clk 0:57:15]} 23. Nc2 {[%clk 0:43:42]} Nd6 {[%clk 0:52:31]} 24. Na3
{[%clk 0:38:32]} Bf7 {[%clk 0:50:53]} 25. Bf3 {[%clk 0:29:55]} Be8
{[%clk 0:49:37]} 26. Bd5+ {[%clk 0:27:56]} Kf8 {[%clk 0:47:32]} 27. Be6
{[%clk 0:13:08]} Rxc1 {[%clk 0:43:34]} 28. Rxc1 {[%clk 0:12:27]} Ke7
{[%clk 0:41:16]} 29. Bg4 {[%clk 0:10:59]} f5 {[%clk 0:41:28]} 30. Be2
{[%clk 0:11:01]} Nxb5 {[%clk 0:41:15]} 31. Nac4 {[%clk 0:10:39]} Nxc4
{[%clk 0:40:25]} 32. Rxc4 {[%clk 0:10:23]} Nd6 {[%clk 0:39:42]} 33. Rc7+
{[%clk 0:10:21]} Rd7 {[%clk 0:39:55]} 34. Rc2 {[%clk 0:10:36]} a5
{[%clk 0:39:36]} 35. Nf3 {[%clk 0:10:58]} Ke6 {[%clk 0:36:19]} 36. d4
{[%clk 0:06:28]} e4 {[%clk 0:36:28]} 37. d5+ {[%clk 0:00:51]} Kxd5
{[%clk 0:35:00]} 38. Nd4 {[%clk 0:01:06]} Ra7 {[%clk 0:34:41]} 39. f4
{[%clk 0:01:17]} exf3 {[%clk 0:34:52]} 0-1

[Event "World Chess Olympiad 2018"]
[Site "Batumi"]
[Date "2018.10.05"]
[Round "11"]
[Board "2"]
[WhiteFideId "11001933"]
[White "Zhemba Jemusse"]
[BlackFideId "6400124"]
[Black "Dominguez Jose Manuel"]
[Result "0-1"]
[LiveChessVersion "1.4.8"]
[BlackElo "2283"]
[WhiteElo "2138"]

1. e4 {[%clk 1:30:58]} Nc6 {[%clk 1:30:56]} 2. d4 {[%clk 1:31:11]} d5
{[%clk 1:31:24]} 3. Nc3 {[%clk 1:31:33]} e6 {[%clk 1:29:00]} 4. e5
{[%clk 1:31:56]} Bb4 {[%clk 1:27:24]} 5. Qg4 {[%clk 1:27:26]} Bf8
{[%clk 1:27:24]} 6. Bg5 {[%clk 1:21:47]} Nge7 {[%clk 1:20:28]} 7. O-O-O
{[%clk 1:21:38]} h6 {[%clk 1:19:23]} 8. Qh5 {[%clk 1:19:29]} Rg8 {[%clk 1:19:20]}
9. Bh4 {[%clk 1:18:08]} g5 {[%clk 1:19:48]} 10. Bg3 {[%clk 1:18:13]} Nf5
{[%clk 1:20:15]} 11. Qg4 {[%clk 1:16:33]} Ncxd4 12. h4 {[%clk 1:13:20]} Nxg3
{[%clk 1:06:04]} 13. Qxg3 {[%clk 1:13:05]} Nf5 {[%clk 1:06:32]} 14. Qg4
{[%clk 1:13:19]} Bd7 {[%clk 0:59:01]} 15. Nf3 {[%clk 1:12:17]} Qe7
{[%clk 0:47:36]} 16. hxg5 {[%clk 1:10:16]} hxg5 {[%clk 0:48:00]} 17. Bd3
{[%clk 1:10:20]} Nh6 {[%clk 0:40:24]} 18. Qg3 {[%clk 1:08:41]} g4
{[%clk 0:36:58]} 19. Nd4 {[%clk 1:07:42]} Qg5+ {[%clk 0:31:17]} 20. Kb1
{[%clk 1:06:03]} O-O-O {[%clk 0:31:44]} 21. Bh7 {[%clk 0:58:57]} Rg7
{[%clk 0:29:43]} 22. Bd3 {[%clk 0:59:07]} c5 {[%clk 0:18:23]} 23. Ndb5
{[%clk 0:55:52]} a6 {[%clk 0:18:21]} 24. Nd6+ {[%clk 0:52:47]} Bxd6
{[%clk 0:18:39]} 25. exd6 {[%clk 0:53:09]} c4 {[%clk 0:19:03]} 26. Be4
{[%clk 0:48:12]} Bc6 {[%clk 0:12:07]} 27. f4 {[%clk 0:45:32]} gxf3
{[%clk 0:11:08]} 28. Qxg5 {[%clk 0:45:51]} Rxg5 {[%clk 0:11:35]} 29. Bxf3
{[%clk 0:46:10]} Nf5 {[%clk 0:11:34]} 30. Ne2 {[%clk 0:44:07]} Nxd6
{[%clk 0:11:49]} 31. Nd4 {[%clk 0:44:19]} e5 {[%clk 0:09:49]} 32. Nxc6
{[%clk 0:44:16]} bxc6 {[%clk 0:10:18]} 33. g4 {[%clk 0:44:34]} Rg6
{[%clk 0:09:35]} 34. Rdg1 {[%clk 0:43:55]} Rf6 {[%clk 0:09:57]} 35. Rh3
{[%clk 0:43:33]} e4 {[%clk 0:10:02]} 36. Bd1 {[%clk 0:43:42]} Re8
{[%clk 0:10:23]} 37. b3 {[%clk 0:43:17]} Rf2 {[%clk 0:10:17]} 38. g5
{[%clk 0:43:08]} e3 {[%clk 0:08:23]} 39. Bg4+ {[%clk 0:41:28]} Kc7
{[%clk 0:08:51]} 40. Re1 {[%clk 1:11:48]} Rg2 {[%clk 0:34:15]} 41. Be2
{[%clk 1:11:41]} Rxg5 {[%clk 0:26:04]} 42. bxc4 {[%clk 1:10:54]} dxc4
{[%clk 0:26:29]} 43. Kb2 {[%clk 1:11:04]} Kb6 {[%clk 0:23:04]} 44. Rh4
{[%clk 1:09:04]} Kc5 {[%clk 0:23:07]} 45. a4 {[%clk 1:07:43]} Rb8+
{[%clk 0:17:43]} 46. Ka3 {[%clk 1:07:54]} a5 {[%clk 0:17:14]} 47. Bf3
{[%clk 1:07:03]} Re5 {[%clk 0:16:14]} 48. Be2 {[%clk 1:06:49]} Rd5
{[%clk 0:14:08]} 49. Bf3 {[%clk 1:04:09]} Re5 {[%clk 0:13:20]} 50. Be2
{[%clk 1:03:57]} Re4 {[%clk 0:13:30]} 51. Rh6 {[%clk 1:03:26]} Rf4
{[%clk 0:12:59]} 52. Rd1 {[%clk 1:03:10]} f6 {[%clk 0:13:24]} 53. Rh5+
{[%clk 1:03:20]} Rf5 {[%clk 0:12:49]} 54. Rh3 {[%clk 1:03:25]} Re5
{[%clk 0:12:12]} 55. Rh6 {[%clk 1:02:46]} Ne4 {[%clk 0:07:09]} 56. Rh4
{[%clk 0:59:33]} Nd2 {[%clk 0:06:58]} 57. Ka2 {[%clk 0:59:14]} Rb4
{[%clk 0:07:17]} 58. c3 {[%clk 0:58:26]} Rb8 {[%clk 0:07:11]} 59. Rf4
{[%clk 0:58:21]} f5 {[%clk 0:07:12]} 60. Rh1 {[%clk 0:57:44]} Ne4
{[%clk 0:07:30]} 61. Ka1 {[%clk 0:57:22]} Rd8 {[%clk 0:03:58]} 62. Rhf1
{[%clk 0:56:49]} Rdd5 {[%clk 0:03:39]} 63. R1f3 {[%clk 0:55:03]} Nd6
{[%clk 0:04:06]} 64. Rf1 {[%clk 0:54:35]} Rd2 {[%clk 0:04:29]} 65. Re1
{[%clk 0:54:40]} Rc2 {[%clk 0:02:30]} 66. Kb1 {[%clk 0:52:52]} Rxc3
{[%clk 0:02:54]} 67. Bd1 {[%clk 0:52:56]} Rd3 {[%clk 0:02:55]} 68. Bc2
{[%clk 0:53:05]} Rd2 {[%clk 0:02:59]} 69. Rf3 {[%clk 0:52:48]} Kd4
{[%clk 0:03:01]} 70. Kb2 {[%clk 0:52:40]} c3+ {[%clk 0:02:10]} 71. Kb3
{[%clk 0:52:59]} Re7 {[%clk 0:00:51]} 72. Rf4+ {[%clk 0:52:45]} Ne4
{[%clk 0:01:16]} 73. Bxe4 {[%clk 0:52:34]} fxe4 {[%clk 0:01:35]} 74. Rf6
{[%clk 0:52:34]} Rb7+ {[%clk 0:01:43]} 75. Ka3 {[%clk 0:52:58]} Rbb2
{[%clk 0:01:05]} 76. Ra1 {[%clk 0:51:49]} e2 {[%clk 0:00:50]} 77. Rd6+
{[%clk 0:51:42]} Kc5 {[%clk 0:01:01]} 78. Re6 {[%clk 0:51:44]} Ra2+
{[%clk 0:01:22]} 79. Kb3 {[%clk 0:52:02]} 0-1

[Event "World Chess Olympiad 2018"]
[Site "Batumi"]
[Date "2018.10.05"]
[Round "11"]
[Board "3"]
[WhiteFideId "6405096"]
[White "Guzman Christopher"]
[BlackFideId "14300753"]
[Black "Masango Spencer"]
[Result "1/2-1/2"]
[LiveChessVersion "1.4.8"]
[BlackElo "2121"]
[WhiteElo "2283"]

1. e4 {[%clk 1:23:46]} e5 {[%clk 1:30:53]} 2. Nf3 {[%clk 1:23:45]} Nc6
{[%clk 1:31:16]} 3. d4 {[%clk 1:23:51]} exd4 {[%clk 1:31:40]} 4. Nxd4
{[%clk 1:24:14]} Nf6 {[%clk 1:32:05]} 5. Nc3 {[%clk 1:24:08]} Bb4
{[%clk 1:32:28]} 6. Nxc6 {[%clk 1:24:31]} bxc6 {[%clk 1:32:54]} 7. Bd3
{[%clk 1:24:52]} O-O {[%clk 1:33:14]} 8. O-O {[%clk 1:25:14]} d5 {[%clk 1:33:36]}
9. exd5 {[%clk 1:22:54]} cxd5 {[%clk 1:33:49]} 10. Bg5 {[%clk 1:23:00]} c6
{[%clk 1:34:12]} 11. Qf3 {[%clk 1:21:54]} Bd6 {[%clk 1:34:30]} 12. h3
{[%clk 1:22:15]} Rb8 {[%clk 1:34:44]} 13. Na4 {[%clk 1:19:52]} Be6
{[%clk 1:32:57]} 14. Rac1 {[%clk 1:19:35]} h6 {[%clk 1:32:04]} 15. Bxf6
{[%clk 1:20:00]} Qxf6 {[%clk 1:32:24]} 16. Qxf6 {[%clk 1:20:28]} gxf6
{[%clk 1:32:48]} 17. c4 {[%clk 1:17:03]} Rfd8 {[%clk 1:21:51]} 18. cxd5
{[%clk 1:12:54]} cxd5 {[%clk 1:22:00]} 19. b3 {[%clk 1:12:32]} Rbc8
{[%clk 1:10:23]} 20. Ba6 {[%clk 1:00:37]} Rxc1 {[%clk 1:10:44]} 21. Rxc1
{[%clk 1:01:04]} f5 {[%clk 1:08:25]} 22. Nc5 {[%clk 0:58:38]} Bf4
{[%clk 0:59:57]} 23. Rc2 {[%clk 0:52:38]} Bb8 {[%clk 0:58:49]} 24. b4
{[%clk 0:51:43]} Kf8 {[%clk 0:58:33]} 25. a4 {[%clk 0:50:13]} Ke7
{[%clk 0:57:30]} 26. a5 {[%clk 0:50:21]} f4 {[%clk 0:49:16]} 27. Bb7
{[%clk 0:33:33]} Rg8 {[%clk 0:39:59]} 28. Kf1 {[%clk 0:33:28]} f3
{[%clk 0:38:44]} 29. g4 {[%clk 0:22:17]} h5 {[%clk 0:38:14]} 30. Nxe6
{[%clk 0:22:23]} fxe6 {[%clk 0:36:56]} 31. Rc8 {[%clk 0:19:45]} Rxc8
{[%clk 0:36:50]} 32. Bxc8 {[%clk 0:20:12]} hxg4 {[%clk 0:37:14]} 33. hxg4
{[%clk 0:20:33]} Bd6 {[%clk 0:36:51]} 34. b5 {[%clk 0:20:50]} Bc7
{[%clk 0:37:07]} 35. a6 {[%clk 0:21:02]} Kf6 {[%clk 0:36:13]} 36. g5+
{[%clk 0:20:50]} Kxg5 {[%clk 0:36:22]} 37. Bxe6 {[%clk 0:21:18]} d4
{[%clk 0:36:18]} 38. Bc4 {[%clk 0:21:25]} Kf4 {[%clk 0:36:15]} 39. Ke1
{[%clk 0:21:14]} Ke4 {[%clk 0:35:05]} 40. Bf7 {[%clk 0:49:33]} d3
{[%clk 1:02:26]} 41. Bg6+ {[%clk 0:49:44]} Kd4 {[%clk 1:02:28]} 42. Bh5
{[%clk 0:50:02]} Ba5+ {[%clk 1:01:39]} 43. Kd1 {[%clk 0:50:29]} Ke4
{[%clk 1:00:18]} 44. Bg6+ {[%clk 0:50:56]} Kd4 {[%clk 1:00:32]} 45. Bh5
{[%clk 0:51:24]} Ke4 {[%clk 1:00:54]} 46. Bg6+ {[%clk 0:51:47]} 1/2-1/2

[Event "World Chess Olympiad 2018"]
[Site "Batumi"]
[Date "2018.10.05"]
[Round "11"]
[Board "4"]
[WhiteFideId "11001364"]
[White "Elisha Thabo"]
[BlackFideId "6408885"]
[Black "Camacho Campusano David Daniel"]
[Result "1-0"]
[LiveChessVersion "1.4.8"]
[BlackElo "2140"]
[WhiteElo "2024"]

1. e4 {[%clk 1:30:28]} e5 {[%clk 1:30:44]} 2. Nf3 {[%clk 1:30:52]} Nc6
{[%clk 1:30:53]} 3. d4 {[%clk 1:31:11]} d6 {[%clk 1:28:52]} 4. Bb5
{[%clk 1:29:25]} Bd7 {[%clk 1:27:03]} 5. Nc3 {[%clk 1:28:13]} exd4
{[%clk 1:24:30]} 6. Nxd4 {[%clk 1:27:21]} Nf6 {[%clk 1:22:14]} 7. Bg5
{[%clk 1:24:51]} Be7 {[%clk 1:21:58]} 8. Bxc6 {[%clk 1:25:08]} bxc6
{[%clk 1:22:11]} 9. Qd2 {[%clk 1:19:33]} h6 {[%clk 1:21:34]} 10. Bf4
{[%clk 1:19:00]} c5 {[%clk 1:15:34]} 11. Nde2 {[%clk 1:16:56]} Rb8
{[%clk 1:13:23]} 12. O-O-O {[%clk 1:17:08]} a5 {[%clk 1:13:04]} 13. Ng3
{[%clk 1:15:47]} g5 {[%clk 1:03:19]} 14. Be3 {[%clk 1:13:12]} Ng4
{[%clk 1:03:02]} 15. Nd5 {[%clk 1:11:02]} Bf6 {[%clk 1:02:27]} 16. c3
{[%clk 1:10:38]} a4 {[%clk 0:54:49]} 17. Nh5 {[%clk 1:04:08]} Be5
{[%clk 0:51:34]} 18. g3 {[%clk 1:00:44]} c6 {[%clk 0:51:03]} 19. f4
{[%clk 0:59:41]} cxd5 {[%clk 0:50:48]} 20. fxe5 {[%clk 0:59:49]} Nxe5
{[%clk 0:47:18]} 21. Rhf1 {[%clk 0:53:33]} Qb6 {[%clk 0:41:20]} 22. Nf6+
{[%clk 0:53:22]} Kd8 {[%clk 0:41:31]} 23. Nxd5 {[%clk 0:53:31]} Qb5
{[%clk 0:41:06]} 24. Rf2 {[%clk 0:50:55]} Qc4 {[%clk 0:34:56]} 25. Nb4
{[%clk 0:07:50]} Qe6 {[%clk 0:13:12]} 26. Nd5 {[%clk 0:07:00]} Nc4
{[%clk 0:12:39]} 27. Qd3 {[%clk 0:06:32]} Bb5 {[%clk 0:11:39]} 28. Rf6
{[%clk 0:05:34]} Qe5 {[%clk 0:07:26]} 29. Rf5 {[%clk 0:05:44]} Qe6
{[%clk 0:07:09]} 30. Bxc5 {[%clk 0:04:55]} Nxb2 31. Qd4 {[%clk 0:04:36]} Re8
{[%clk 0:01:17]} 32. Bb6+ {[%clk 0:04:41]} Kc8 {[%clk 0:00:43]} 33. Kxb2
{[%clk 0:04:51]} Rb7 {[%clk 0:00:36]} 34. Nc7 {[%clk 0:02:54]} Qxe4
{[%clk 0:00:33]} 35. Qxe4 {[%clk 0:03:00]} Rxe4 {[%clk 0:00:49]} 36. Rxb5
{[%clk 0:03:16]} 1-0

[Event "World Chess Olympiad 2018"]
[Site "Batumi"]
[Date "2018.10.05"]
[Round "11"]
[Board "1"]
[WhiteFideId "14300141"]
[White "Kobese Watu"]
[BlackFideId "11200243"]
[Black "Ayyad Husain"]
[Result "0-1"]
[LiveChessVersion "1.4.8"]
[BlackElo "2243"]
[WhiteElo "2344"]

1. e4 {[%clk 1:30:46]} e5 {[%clk 1:30:50]} 2. Nf3 {[%clk 1:31:07]} Nc6
{[%clk 1:31:12]} 3. Bb5 {[%clk 1:31:30]} a6 {[%clk 1:31:38]} 4. Ba4
{[%clk 1:31:52]} Nf6 {[%clk 1:32:03]} 5. O-O {[%clk 1:32:09]} b5 {[%clk 1:32:22]}
6. Bb3 {[%clk 1:32:31]} Nxe4 {[%clk 1:32:47]} 7. d4 {[%clk 1:32:36]} d5
{[%clk 1:33:10]} 8. dxe5 {[%clk 1:32:55]} Be6 {[%clk 1:33:36]} 9. Be3
{[%clk 1:32:58]} Be7 {[%clk 1:33:59]} 10. c3 {[%clk 1:29:49]} Na5
{[%clk 1:29:48]} 11. Nd4 {[%clk 1:24:14]} Nc4 {[%clk 1:02:52]} 12. Bc1
{[%clk 1:14:56]} Nxe5 {[%clk 0:49:45]} 13. f3 {[%clk 1:00:07]} Nf6
{[%clk 0:29:01]} 14. f4 {[%clk 0:29:52]} Nc4 {[%clk 0:29:00]} 15. a4
{[%clk 0:29:30]} Bd7 {[%clk 0:23:55]} 16. Re1 {[%clk 0:21:45]} Ne4
{[%clk 0:23:53]} 17. Bc2 {[%clk 0:14:07]} f5 {[%clk 0:20:22]} 18. b3
{[%clk 0:13:19]} Ncd6 {[%clk 0:19:32]} 19. Nf3 {[%clk 0:11:53]} c6
{[%clk 0:18:08]} 20. Ne5 {[%clk 0:11:08]} O-O {[%clk 0:15:42]} 21. Be3
{[%clk 0:11:33]} Nf7 {[%clk 0:15:00]} 22. Nxd7 {[%clk 0:05:36]} Qxd7
{[%clk 0:15:26]} 23. c4 {[%clk 0:05:22]} Bb4 {[%clk 0:15:15]} 24. Rf1
{[%clk 0:05:15]} Rad8 {[%clk 0:10:13]} 25. axb5 {[%clk 0:05:39]} d4
{[%clk 0:09:34]} 26. bxc6 {[%clk 0:01:40]} Qxc6 {[%clk 0:08:33]} 27. Bd2
{[%clk 0:01:17]} d3 {[%clk 0:08:11]} 28. Bxb4 {[%clk 0:01:30]} Qb6+
{[%clk 0:08:26]} 29. c5 {[%clk 0:01:34]} Qxb4 {[%clk 0:08:51]} 0-1

[Event "World Chess Olympiad 2018"]
[Site "Batumi"]
[Date "2018.10.05"]
[Round "11"]
[Board "2"]
[WhiteFideId "11200235"]
[White "Ayyad Maher"]
[BlackFideId "14300133"]
[Black "Klaasen Calvin John"]
[Result "0-1"]
[LiveChessVersion "1.4.8"]
[BlackElo "2262"]
[WhiteElo "2106"]

1. d4 {[%clk 1:30:54]} Nf6 {[%clk 1:30:52]} 2. Nf3 {[%clk 1:31:18]} b6
{[%clk 1:29:32]} 3. g3 {[%clk 1:31:33]} Bb7 {[%clk 1:29:53]} 4. Bg2
{[%clk 1:31:56]} e6 {[%clk 1:29:48]} 5. O-O {[%clk 1:32:20]} Be7 {[%clk 1:29:46]}
6. c4 {[%clk 1:32:41]} O-O {[%clk 1:30:10]} 7. Nc3 {[%clk 1:32:17]} Ne4
{[%clk 1:30:35]} 8. Nxe4 {[%clk 1:32:25]} Bxe4 {[%clk 1:31:01]} 9. Nh4
{[%clk 1:32:45]} Bxg2 {[%clk 1:30:56]} 10. Nxg2 {[%clk 1:33:04]} f5
{[%clk 1:28:19]} 11. Qc2 {[%clk 1:25:49]} Bf6 {[%clk 1:18:09]} 12. Rd1
{[%clk 1:25:00]} Qe7 {[%clk 1:04:12]} 13. e4 {[%clk 1:17:11]} fxe4
{[%clk 1:01:31]} 14. Qxe4 {[%clk 1:14:36]} Nc6 {[%clk 1:01:58]} 15. d5
{[%clk 1:06:48]} exd5 {[%clk 0:54:26]} 16. Qxd5+ {[%clk 1:05:11]} Kh8
{[%clk 0:53:15]} 17. Rb1 {[%clk 0:57:48]} Qf7 {[%clk 0:38:31]} 18. Be3
{[%clk 0:55:23]} Ne5 {[%clk 0:38:20]} 19. Qxf7 {[%clk 0:53:29]} Rxf7
{[%clk 0:38:45]} 20. b3 {[%clk 0:53:45]} Re8 {[%clk 0:33:49]} 21. h3
{[%clk 0:52:08]} Nf3+ {[%clk 0:31:12]} 22. Kf1 {[%clk 0:50:07]} Be5
{[%clk 0:25:35]} 23. Bf4 {[%clk 0:33:55]} g5 {[%clk 0:06:43]} 24. Bxe5+
{[%clk 0:32:48]} Rxe5 {[%clk 0:07:06]} 25. Ne1 {[%clk 0:29:58]} Ref5
{[%clk 0:05:28]} 26. Nxf3 {[%clk 0:30:09]} Rxf3 {[%clk 0:05:57]} 27. Rb2
{[%clk 0:30:10]} Rxg3 {[%clk 0:05:07]} 28. Rxd7 {[%clk 0:30:28]} Rg1+
{[%clk 0:04:40]} 29. Kxg1 {[%clk 0:30:45]} Rxd7 {[%clk 0:05:09]} 30. Kg2
{[%clk 0:30:36]} Kg7 {[%clk 0:05:38]} 31. Re2 {[%clk 0:30:43]} Kf6
{[%clk 0:05:59]} 32. Kf3 {[%clk 0:29:11]} h5 {[%clk 0:06:07]} 33. Ke3
{[%clk 0:29:34]} Kf5 {[%clk 0:06:03]} 34. Rd2 {[%clk 0:22:10]} Rxd2
{[%clk 0:05:59]} 35. Kxd2 {[%clk 0:22:35]} Kf4 {[%clk 0:06:11]} 36. Ke2
{[%clk 0:02:46]} h4 {[%clk 0:05:25]} 37. Ke1 {[%clk 0:02:17]} g4 {[%clk 0:05:25]}
38. hxg4 {[%clk 0:02:38]} Kxg4 {[%clk 0:05:51]} 39. Kf1 {[%clk 0:02:02]} Kf3
{[%clk 0:06:11]} 40. Kg1 {[%clk 0:32:27]} c5 {[%clk 0:36:21]} 41. Kf1
{[%clk 0:32:21]} h3 {[%clk 0:35:22]} 42. Kg1 {[%clk 0:32:39]} h2+
{[%clk 0:35:31]} 43. Kxh2 {[%clk 0:32:43]} Kxf2 {[%clk 0:35:57]} 0-1

[Event "World Chess Olympiad 2018"]
[Site "Batumi"]
[Date "2018.10.05"]
[Round "11"]
[Board "3"]
[WhiteFideId "14300702"]
[White "Mabusela Johannes Manyedi"]
[BlackFideId "11200057"]
[Black "Al-Ghasra Ali"]
[Result "1-0"]
[LiveChessVersion "1.4.8"]
[BlackElo "2096"]
[WhiteElo "2245"]

1. d4 {[%clk 1:30:57]} Nf6 {[%clk 1:30:54]} 2. c4 {[%clk 1:31:09]} e6
{[%clk 1:31:21]} 3. Nc3 {[%clk 1:30:57]} Bb4 {[%clk 1:31:35]} 4. Qc2
{[%clk 1:30:49]} c5 {[%clk 1:31:56]} 5. dxc5 {[%clk 1:30:47]} O-O
{[%clk 1:32:13]} 6. Nf3 {[%clk 1:27:12]} Na6 {[%clk 1:28:19]} 7. a3
{[%clk 1:25:45]} Bxc3+ {[%clk 1:28:43]} 8. Qxc3 {[%clk 1:24:47]} Nxc5
{[%clk 1:29:00]} 9. e3 {[%clk 1:22:43]} a5 {[%clk 1:28:07]} 10. b3
{[%clk 1:16:20]} d6 {[%clk 1:24:04]} 11. Be2 {[%clk 1:15:06]} e5 {[%clk 1:24:02]}
12. Nd2 {[%clk 1:12:31]} Bf5 {[%clk 1:11:24]} 13. f3 {[%clk 1:02:22]} Qe7
{[%clk 1:03:58]} 14. e4 {[%clk 0:59:36]} Bd7 {[%clk 1:01:48]} 15. O-O
{[%clk 0:57:25]} Ne6 {[%clk 1:01:27]} 16. Rf2 {[%clk 0:55:10]} Rfc8
{[%clk 1:01:23]} 17. Qb2 {[%clk 0:50:25]} Qd8 {[%clk 0:59:46]} 18. Nf1
{[%clk 0:46:55]} Rab8 {[%clk 0:52:26]} 19. a4 {[%clk 0:42:11]} Nc5
{[%clk 0:49:09]} 20. Be3 {[%clk 0:39:11]} Qb6 {[%clk 0:49:21]} 21. Bd1
{[%clk 0:38:45]} Qc7 {[%clk 0:42:17]} 22. Bc2 {[%clk 0:37:41]} Rd8
{[%clk 0:40:31]} 23. Rd1 {[%clk 0:37:37]} Be6 {[%clk 0:40:38]} 24. Rfd2
{[%clk 0:37:44]} Ne8 {[%clk 0:31:29]} 25. Ng3 {[%clk 0:37:05]} g6
{[%clk 0:31:03]} 26. Ne2 {[%clk 0:37:24]} Qb6 {[%clk 0:26:58]} 27. Qa3
{[%clk 0:32:39]} Rbc8 {[%clk 0:24:42]} 28. Nc3 {[%clk 0:31:50]} Rd7
{[%clk 0:18:17]} 29. Nb5 {[%clk 0:30:23]} f6 {[%clk 0:14:37]} 30. h3
{[%clk 0:25:52]} Qd8 {[%clk 0:09:58]} 31. Qb2 {[%clk 0:15:57]} g5
{[%clk 0:06:55]} 32. Nc3 {[%clk 0:14:49]} Qe7 {[%clk 0:04:16]} 33. Nd5
{[%clk 0:14:02]} Bxd5 {[%clk 0:04:42]} 34. exd5 {[%clk 0:14:07]} Ng7
{[%clk 0:04:45]} 35. Re1 {[%clk 0:12:19]} Qf7 {[%clk 0:04:08]} 36. Qb1
{[%clk 0:12:11]} Qh5 {[%clk 0:03:47]} 37. Kh2 {[%clk 0:09:30]} Re7
{[%clk 0:01:15]} 38. g4 {[%clk 0:06:46]} Qh6 {[%clk 0:01:28]} 39. Kg2
{[%clk 0:04:32]} Ne8 {[%clk 0:01:04]} 40. Bf5 {[%clk 0:33:24]} Rcc7
{[%clk 0:31:10]} 41. h4 {[%clk 0:31:54]} Qg7 {[%clk 0:31:34]} 42. Rh1
{[%clk 0:31:24]} h6 {[%clk 0:29:35]} 43. Kg1 {[%clk 0:31:12]} Rf7
{[%clk 0:25:37]} 44. Rdh2 {[%clk 0:28:42]} Kf8 {[%clk 0:20:35]} 45. hxg5
{[%clk 0:28:48]} fxg5 {[%clk 0:20:08]} 46. Rxh6 {[%clk 0:29:01]} e4
{[%clk 0:19:58]} 47. Rh8+ {[%clk 0:25:49]} Ke7 {[%clk 0:20:15]} 48. Bxc5 Rxc5
{[%clk 0:19:32]} 49. Qxe4+ {[%clk 0:25:58]} Qe5 {[%clk 0:19:59]} 50. Qxe5+
{[%clk 0:24:41]} dxe5 {[%clk 0:20:27]} 51. Bg6 {[%clk 0:23:39]} Rf8 1-0